Business statistics
Gespeichert in:
| 1. Verfasser: | |
|---|---|
| Weitere Verfasser: | |
| Format: | Buch |
| Sprache: | Englisch |
| Veröffentlicht: |
New York
Wiley
1941
|
| Tags: |
Keine Tags, Fügen Sie das erste Tag hinzu!
|
MARC
| LEADER | 00000nam a2200000 4500 | ||
|---|---|---|---|
| 001 | c126630 | ||
| 005 | 20041019155238.5 | ||
| 041 | 0 | |a eng | |
| 044 | |a US | ||
| 245 | 1 | 0 | |a Business statistics |c George R. Davies, Dale Yoder |
| 264 | 1 | |a New York |b Wiley |c 1941 | |
| 300 | |a 616 s. | ||
| 100 | 1 | |a Davies, George R. | |
| 700 | 1 | |a Yoder, Dale | |